Der Graue Mann (Record no. 9522)

MARC details
000 -CABECERA
campo de control de longitud fija 00515nam a2200205 a 4500
001 - NÚMERO DE CONTROL
campo de control BRL_710
005 - FECHA Y HORA DE LA ÚLTIMA TRANSACCIÓN
campo de control 20190320210849.0
008 - DATOS DE LONGITUD FIJA--INFORMACIÓN GENERAL
campo de control de longitud fija 300913s1949----au-#######---#000-0#ger-#
041 ## - CÓDIGO DE LENGUA
Código de lengua del texto/banda sonora o título independiente ger
044 ## - CÓDIGO DEL PAÍS DE LA ENTIDAD EDITORA/PRODUCTORA
Código MARC del país au
050 #4 - SIGNATURA TOPOGRÁFICA DE LA BIBLIOTECA DEL CONGRESO
Número de clasificación PT8175
Número de documento/Ítem .F75 1949
100 1# - ENTRADA PRINCIPAL--NOMBRE DE PERSONA
Nombre de persona Frischauf, Marie
9 (RLIN) 24708
245 10 - MENCIÓN DE TÍTULO
Título Der Graue Mann
Resto del título Roman
Mención de responsabilidad, etc. Marie Frischauf.
260 ## - PUBLICACIÓN, DISTRIBUCIÓN, ETC.
Lugar de publicación, distribución, etc. Wien
Nombre del editor, distribuidor, etc. Die Buchgemeinde
Fecha de publicación, distribución, etc. 1949
300 ## - DESCRIPCIÓN FÍSICA
Extensión 236 p.
Dimensiones 19 cm.
500 ## - NOTA GENERAL
Nota general Au789
650 14 - PUNTO DE ACCESO ADICIONAL DE MATERIA--TÉRMINO DE MATERIA
Término de materia o nombre geográfico como elemento de entrada Literatura Alemana
Subdivisión de forma Novela
9 (RLIN) 22844
902 ## - CATALOGADOR
Iniciales GRL
942 ## - ELEMENTOS DE PUNTO DE ACCESO ADICIONAL (KOHA)
Fuente del sistema de clasificación o colocación Library of Congress Classification
Tipo de ítem Koha Libros
Holdings
Estado de retiro Estado de pérdida Estado dañado No para préstamo Localización permanente Ubicación/localización actual Fecha de adquisición Número de inventario Total de préstamos Signatura topográfica completa Código de barras Fecha visto por última vez Precio válido a partir de Tipo de ítem Koha
El ejemplar forma parte de la colección y puede ser consultado según las políticas vigentes.       Biblioteca Centro de Estudios Ruth D. Lechuga Biblioteca Centro de Estudios Ruth D. Lechuga 30/09/2013 Au789   PT8175 .F75 1949 (Au789) GRL00780 22/03/2019 22/03/2019 Libros